000 00594nam a2200241Ia 4500
003 OSt
005 20220918191135.0
006 a|||||r|||| 00| 0
007 ta
008 220917b |||||||| |||| 00| 0 eng d
024 _a61,656
037 _cTextual
040 _aARTS
_cARTS
_beng
041 _2eng
_aeng
082 _aQ42, H8;M1
100 _aSuzuki B L
_975076
245 0 _aMahayana Buddhism
260 _aLOndon
_bGeorge Allen
_c1981
300 _a131p.
_ccm.
650 _aRELIGION
942 _hQ42, H8;M1
_cTEXL
_2CC
999 _c188474
_d188474